An Analytical calculus for school and university, vol. iv (Record no. 34356)

MARC details
000 -LEADER
fixed length control field 00561nam a2200145 a 4500
008 - FIXED-LENGTH DATA ELEMENTS--GENERAL INFORMATION
fixed length control field 120416s1957 ||||||||||||||||| || u
050 ## - LIBRARY OF CONGRESS CALL NUMBER
Classification number QA 303 Max
100 ## - MAIN ENTRY--PERSONAL NAME
Personal name Maxwell, E. A
245 13 - TITLE STATEMENT
Title An Analytical calculus for school and university, vol. iv
246 ## - VARYING FORM OF TITLE
Title proper/short title differential equations and analysis
260 ## - PUBLICATION, DISTRIBUTION, ETC.
Place of publication, distribution, etc. Cambridge
Name of publisher, distributor, etc. Cambridge University Press
Date of publication, distribution, etc. 1957
300 ## - PHYSICAL DESCRIPTION
Extent xiii, 288p.
350 ## - PRICE (NR) (BK AM CF MU VM SE) [OBSOLETE]
Price 0.00
995 ## - RECOMMENDATION 995 [LOCAL, UNIMARC FRANCE]
-- 0.00
-- CBU-MAIN LIBRARY (Kitwe)
-- 1
-- 5.20
-- 1
-- AVAILABLE
-- Main Library Open Access Collection
Holdings
Withdrawn status Lost status Source of classification or shelving scheme Damaged status Not for loan Home library Current library Shelving location Date acquired Total Checkouts Full call number Barcode Date last seen Price effective from Koha item type
          CBU-MAIN LIBRARY, KITWE. CBU-MAIN LIBRARY, KITWE.   11/30/2022   QA 303 Max 011849 11/30/2022 11/30/2022 MONOGRAPH